Comparative study of religions (Record no. 38043)
[ view plain ]
| 000 -LEADER | |
|---|---|
| fixed length control field | 00503nam a2200133 a 4500 |
| 008 - FIXED-LENGTH DATA ELEMENTS--GENERAL INFORMATION | |
| fixed length control field | 120416s1990 ||||||||||||||||| || u |
| 050 ## - LIBRARY OF CONGRESS CALL NUMBER | |
| Classification number | BL 80.2 Com |
| 100 ## - MAIN ENTRY--PERSONAL NAME | |
| Personal name | Mugambi, J. N. K |
| 245 10 - TITLE STATEMENT | |
| Title | Comparative study of religions |
| 246 ## - VARYING FORM OF TITLE | |
| Title proper/short title | J. N. K. Mugambi |
| 260 ## - PUBLICATION, DISTRIBUTION, ETC. | |
| Place of publication, distribution, etc. | Nairobi |
| Name of publisher, distributor, etc. | Nairobi university press |
| Date of publication, distribution, etc. | 1990 |
| 350 ## - PRICE (NR) (BK AM CF MU VM SE) [OBSOLETE] | |
| Price | 0.00 |
| 995 ## - RECOMMENDATION 995 [LOCAL, UNIMARC FRANCE] | |
| -- | 0.00 |
| -- | CBU-MAIN LIBRARY (Kitwe) |
| -- | 1 |
| -- | 11.95 |
| -- | 1 |
| -- | AVAILABLE |
| -- | Jun 28, 2006 |
| -- | Main Library Open Access Collection |
| Withdrawn status | Lost status | Source of classification or shelving scheme | Damaged status | Not for loan | Home library | Current library | Shelving location | Date acquired | Total Checkouts | Full call number | Barcode | Date last seen | Date last checked out | Price effective from | Koha item type |
|---|---|---|---|---|---|---|---|---|---|---|---|---|---|---|---|
| CBU-MAIN LIBRARY, KITWE. | CBU-MAIN LIBRARY, KITWE. | 11/30/2022 | 1 | BL 80.2 Com | 027617 | 06/19/2025 | 04/29/2025 | 11/30/2022 | MONOGRAPH |